صورة الشخصيات التاريخية في كتب التاريخ للمرحلة الأساسية العليا وبناء نموذج لهذة الصورة =Image of Historical Figures in History Textbook for the Higher Primary Stage and Construction a Model for this Image/ (Record no. 33833)
[ view plain ]
| 000 -LEADER | |
|---|---|
| fixed length control field | 01543nam a22002057a 4500 |
| 003 - CONTROL NUMBER IDENTIFIER | |
| control field | JO-AjAnu |
| 005 - DATE AND TIME OF LATEST TRANSACTION | |
| control field | 20241023093610.0 |
| 008 - FIXED-LENGTH DATA ELEMENTS--GENERAL INFORMATION | |
| fixed length control field | 241022b jo ||||| |||| 00| 0 ara d |
| 040 ## - CATALOGING SOURCE | |
| Transcribing agency | JO-AjAnu |
| 041 ## - LANGUAGE CODE | |
| Language code of text/sound track or separate title | ARA |
| 100 #1 - MAIN ENTRY--PERSONAL NAME | |
| Personal name | بني احمد ،علي عبد الكريم عبد الرحمن |
| 9 (RLIN) | 66417 |
| Relator term | معد |
| 245 ## - TITLE STATEMENT | |
| Title | صورة الشخصيات التاريخية في كتب التاريخ للمرحلة الأساسية العليا وبناء نموذج لهذة الصورة =Image of Historical Figures in History Textbook for the Higher Primary Stage and Construction a Model for this Image/ |
| Statement of responsibility, etc. | إعداد علي عبد الكريم عبد الرحمن بني حمد ؛ إشراف ابراهيم عبد القادر القاعود، يعقوب عبدالله أبو الحلو |
| 260 ## - PUBLICATION, DISTRIBUTION, ETC. | |
| Date of publication, distribution, etc. | 2012 |
| 300 ## - PHYSICAL DESCRIPTION | |
| Extent | 256 ورقة |
| 500 ## - GENERAL NOTE | |
| General note | رسالة جامعية (دكتوراة).- جامعة اليرموك (إربد، الأردن)، كلية التربية وعلم النفس ؛ قسم المناهج والتدريس، 2012 |
| 650 70 - SUBJECT ADDED ENTRY--TOPICAL TERM | |
| Topical term or geographic name entry element | التاريخ (المرحلة الأساسية) -- تعلم وتدريس -- الأردن. التاريخ (المرحلة الأساسية) -- كتب دراسية -- الأردن. التاريخ (المرحلة الأساسية) -- مناهج -- الأردن. |
| 9 (RLIN) | 66419 |
| 700 #1 - ADDED ENTRY--PERSONAL NAME | |
| Personal name | القاعود، ابراهيم عبد القادر |
| 9 (RLIN) | 66420 |
| Relator term | مشرف |
| 700 #1 - ADDED ENTRY--PERSONAL NAME | |
| Personal name | ابو حلو ، يعقوب عبدالله |
| 9 (RLIN) | 66421 |
| Relator term | مشرف مشارك |
| 942 ## - ADDED ENTRY ELEMENTS (KOHA) | |
| Source of classification or shelving scheme | Library of Congress Classification |
| Koha item type | Thesis |
| Suppress in OPAC | No |
| Withdrawn status | Lost status | Source of classification or shelving scheme | Damaged status | Not for loan | Home library | Current library | Date acquired | Total Checkouts | Full call number | Barcode | Date last seen | Price effective from | Koha item type |
|---|---|---|---|---|---|---|---|---|---|---|---|---|---|
| Library of Congress Classification | مكتبة جامعة عجلون الوطنية | مكتبة جامعة عجلون الوطنية | 22/10/2024 | LB1582.J6.B3635 2012 | A30117 | 22/10/2024 | 22/10/2024 | Thesis |